000 00274nam a22000977a 4500
999 _c508346
_d508346
082 _aU61 DVC
100 _aWest Bengal. Damodar Valley Corporation
_93634
245 _aDurgapur barrage and canals:
_ba souvenir
260 _aCalcutta
_bSree Saraswaty Press
_c1955
300 _av.p.